000 01173cab a22002055a 4500
001 L154136
008 111018e20111014xxk 000 0 eng d
035 _a(Sirsi) u154136
041 0 _aeng
100 1 _aUnger, Paul
245 0 0 _aMarkets
_bMerseyside
260 _c2011
490 0 _aProperty Week
_v77(41) 14 October 2011, 61-70(5)
520 _aLiverpool Science Park has received grant funding for a 2012 start to its third speculative phase of office and biomedical laboratory space. Developer Langtree will complete St Helen's new £25m rugby league stadium by the end of the month. Liverpool's John Moores University has purchased the 261 255 sq ft former Royal Mail postal depot on Copperas Hill for £2.6m for its own future use. Small unitary authority Halton has been beaten off competition from larger neighbours on a number of fronts. "Liverpool hotel futures" report states that no new budget hotels are needed in Liverpool before 2030.
590 _aKA
650 2 4 _aPROPERTY-COMMERCIAL PROPERTY-COMMERCIAL PROPERTY MARKET
650 2 4 _aPROPERTY-COMMERCIAL PROPERTY-COMMERCIAL PROPERTY FINANCE AND INVESTMENT
651 4 _aMerseyside
942 _n0
999 _c83505
_d83505